[Event "V Festival Magistrale"]
[Site "Ischia ITA"]
[Date "1998.07.23"]
[Round "7"]
[White "Tiviakov, Sergei"]
[Black "Malfagia, Andrea"]
[Result "1-0"]
[WhiteElo "2655"]
[BlackElo "2350"]
[PlyCount "51"]
[EventDate "1998.07.18"]

1. e4 d6 2. d4 Nf6 3. Nc3 c6 4. f4 Qa5 5. Bd3 e5 6. Nf3 Bg4 7. Be3 Nbd7 8. Qd2
Bxf3 9. gxf3 Be7 10. O-O-O b5 11. Kb1 exd4 12. Bxd4 b4 13. Ne2 c5 14. Bxf6 gxf6
15. Bc4 Nb6 16. Qd3 O-O-O 17. Bxf7 d5 18. exd5 c4 19. Qf5+ Kb8 20. Nd4 Rd6 21.
Qe4 Ka8 22. Qxe7 Nc8 23. Qe4 f5 24. Nxf5 Ra6 25. d6+ Kb8 26. Bxc4 1-0

[Event "V Festival Magistrale"]
[Site "Ischia ITA"]
[Date "1998.07.24"]
[Round "8"]
[White "Malfagia, Andrea"]
[Black "Mazzoni, Guy"]
[Result "0-1"]
[WhiteElo "2350"]
[BlackElo "2220"]
[PlyCount "116"]
[EventDate "1998.07.18"]

1. d4 Nf6 2. Nf3 g6 3. Bg5 Bg7 4. Nbd2 O-O 5. e4 d6 6. Be2 Nbd7 7. O-O h6 8.
Bh4 c6 9. a4 Qc7 10. a5 Rb8 11. e5 dxe5 12. dxe5 Nd5 13. c4 g5 14. e6 N7f6 15.
cxd5 gxh4 16. exf7+ Rxf7 17. dxc6 bxc6 18. Nc4 Nd5 19. Nxh4 Ba6 20. Ra3 e6 21.
Ng6 Bxc4 22. Bxc4 Rxb2 23. Qg4 Qd6 24. Rh3 Rb4 25. Qe2 Rb2 26. Qe4 Rb4 27. Rb3
Rxb3 28. Bxb3 Rf6 29. Bc2 Nc3 30. Qe3 Rf7 31. Bb3 Nd5 32. Rd1 Rd7 33. Qe4 Rf7
34. g3 Qb8 35. Rb1 Qd6 36. Qc4 Rb7 37. Bc2 Rf7 38. Ba4 Nc3 39. Re1 Nxa4 40.
Qxa4 Bd4 41. Nf4 e5 42. Nd3 Qf6 43. Re2 Kg7 44. Qc2 c5 45. Ne1 Qa6 46. Qd2 c4
47. Ng2 c3 48. Qa2 Qd3 49. Ne3 Bxe3 50. Rxe3 Qd1+ 51. Kg2 c2 52. Qb2 Qd5+ 53.
Kg1 Qc5 54. Qc1 Rd7 55. Re1 Qc3 56. f4 Qxe1+ 57. Qxe1 Rd1 58. Kf2 Rxe1 0-1

[Event "V Festival Magistrale"]
[Site "Ischia ITA"]
[Date "1998.07.25"]
[Round "9"]
[White "Santoro, Alessandro"]
[Black "Malfagia, Andrea"]
[Result "0-1"]
[WhiteElo "1900"]
[BlackElo "2350"]
[PlyCount "58"]
[EventDate "1998.07.18"]

1. d4 Nf6 2. c4 g6 3. Nc3 Bg7 4. e4 d6 5. f3 O-O 6. Be3 b6 7. Qd2 c5 8. d5 e6
9. Bd3 exd5 10. cxd5 Re8 11. Nge2 Nbd7 12. O-O Ne5 13. Bc2 Nc4 14. Qc1 Nxe3 15.
Qxe3 Ba6 16. Rfe1 b5 17. Qd2 b4 18. Na4 Qd7 19. a3 bxa3 20. Rxa3 Qb7 21. Rb1
Nxd5 22. Bd3 Nb4 23. Bxa6 Qxa6 24. Kh1 Qc6 25. Nac3 c4 26. b3 Nd3 27. g3 Qc5
28. Raa1 Qf2 29. Rf1 Bxc3 0-1

[Event "I Festival A"]
[Site "Bernate Ticino ITA"]
[Date "1998.07.09"]
[Round "1"]
[White "Aranovitch, Emiliano"]
[Black "Zotti, Enrico"]
[Result "1/2-1/2"]
[WhiteElo "2160"]
[BlackElo "1725"]
[PlyCount "53"]
[EventDate "1998.07.09"]

1. e4 c5 2. c3 d5 3. exd5 Qxd5 4. d4 Nf6 5. Nf3 Nc6 6. dxc5 Qxd1+ 7. Kxd1 a5 8.
Bb5 Bd7 9. Bxc6 Bxc6 10. b4 axb4 11. cxb4 g6 12. Bb2 Bg7 13. Nbd2 O-O 14. a3
Rfd8 15. Kc2 Ne4 16. Bxg7 Kxg7 17. Nxe4 Bxe4+ 18. Kc1 Rd3 19. Re1 Bxf3 20. gxf3
Rxf3 21. Rxe7 Rxf2 22. Rxb7 Re8 23. Rd7 Re1+ 24. Rd1 Ree2 25. Rh1 Rb2 26. Rg1
Rbc2+ 27. Kd1 1/2-1/2

[Event "I Festival A"]
[Site "Bernate Ticino ITA"]
[Date "1998.07.09"]
[Round "1"]
[White "Bonazzi, Edoardo"]
[Black "Tavecchia, Mario"]
[Result "0-1"]
[WhiteElo "1933"]
[BlackElo "1630"]
[PlyCount "60"]
[EventDate "1998.07.09"]

1. e4 d5 2. exd5 Qxd5 3. Nc3 Qa5 4. d4 Nf6 5. Nf3 Bf5 6. Bd2 c6 7. Ne5 Nbd7 8.
Qe2 e6 9. h3 Bb4 10. g4 Bxc2 11. Bg2 Nxe5 12. dxe5 Nd7 13. Rc1 Bg6 14. a3 Be7
15. Nd5 Qd8 16. Nxe7 Qxe7 17. Qe3 h5 18. Bb4 Qd8 19. Rd1 hxg4 20. hxg4 Rxh1+
21. Bxh1 Qb6 22. Qg5 Qd8 23. Qe3 Qb6 24. Qd2 Qc7 25. Bd6 Qb6 26. Qc3 O-O-O 27.
Rd4 Rh8 28. Bf3 Rh3 29. Kf1 Rxf3 30. Qxf3 Qxd4 0-1

[Event "I Festival A"]
[Site "Bernate Ticino ITA"]
[Date "1998.07.09"]
[Round "1"]
[White "D'Aulisa, Francesco"]
[Black "Ponti, Lorenzo"]
[Result "0-1"]
[WhiteElo "1512"]
[BlackElo "1864"]
[PlyCount "86"]
[EventDate "1998.07.09"]

1. e4 Nf6 2. Nc3 d5 3. e5 Ne4 4. Nxe4 dxe4 5. d4 Bf5 6. Bc4 e6 7. Ne2 c5 8. d5
exd5 9. Qxd5 Qxd5 10. Bxd5 Nc6 11. Bxc6+ bxc6 12. c4 O-O-O 13. O-O Re8 14. Bf4
h6 15. Rad1 g5 16. Bg3 Bg7 17. Rd6 Kb7 18. f4 exf3 19. Rxf3 Bxe5 20. Bxe5 Rxe5
21. Ng3 Be6 22. b3 Re8 23. Rf6 Re1+ 24. Kf2 Ra1 25. Rd2 Rh8 26. Nf5 Kc7 27.
Nxh6 Rd8 28. Rxd8 Rxa2+ 29. Kg3 Kxd8 30. Nxf7+ Ke7 31. Rg6 Kxf7 32. Rxg5 Rb2
33. h4 Rxb3+ 34. Kf4 Rc3 35. Rxc5 Rxc4+ 36. Rxc4 Bxc4 37. Ke5 Kg7 38. h5 a5 39.
g4 a4 40. Kf5 Bf7 41. Kg5 a3 42. h6+ Kh7 43. Kf6 Bg6 0-1

[Event "I Festival A"]
[Site "Bernate Ticino ITA"]
[Date "1998.07.09"]
[Round "1"]
[White "Dallaglio, Giovanni"]
[Black "Piazza, Carlo"]
[Result "1/2-1/2"]
[WhiteElo "2070"]
[BlackElo "1711"]
[PlyCount "100"]
[EventDate "1998.07.09"]

1. d4 Nf6 2. Nf3 g6 3. c4 Bg7 4. Nc3 O-O 5. e4 d6 6. Be2 e5 7. O-O Nc6 8. d5
Ne7 9. Ne1 Ne8 10. Be3 f5 11. f3 Nf6 12. a4 a5 13. Nd3 f4 14. Bf2 b6 15. b4
axb4 16. Nb5 g5 17. Be1 h5 18. Bxb4 Bd7 19. a5 bxa5 20. Rxa5 Rxa5 21. Bxa5 Bxb5
22. cxb5 Qb8 23. Bc3 Qxb5 24. Nxe5 Qc5+ 25. Bd4 Qb4 26. Nc4 Nd7 27. Bxg7 Kxg7
28. Qa1+ Kg8 29. Rb1 Qc5+ 30. Kf1 Ng6 31. Qa5 Qxa5 32. Nxa5 Nc5 33. Nc6 Kf7 34.
Bc4 Kf6 35. Rb8 Rxb8 36. Nxb8 Ke5 37. Nc6+ Kf6 38. Ke2 Ne5 39. Nxe5 Kxe5 40.
Bb5 h4 41. h3 Kd4 42. Be8 Kc3 43. Bb5 Nb3 44. Be8 Nd4+ 45. Kf2 Kd2 46. Ba4 Kd3
47. Bd7 Nb3 48. Bb5+ Kd2 49. Ba6 Nd4 50. Bc4 Nc2 1/2-1/2

[Event "I Festival A"]
[Site "Bernate Ticino ITA"]
[Date "1998.07.09"]
[Round "1"]
[White "Di Lascio, Savino"]
[Black "Vujovic, Milorad"]
[Result "0-1"]
[WhiteElo "1753"]
[BlackElo "2275"]
[PlyCount "76"]
[EventDate "1998.07.09"]

1. Nf3 d5 2. g3 c5 3. Bg2 Nc6 4. O-O e5 5. d3 f5 6. e4 fxe4 7. dxe4 d4 8. b3
Nf6 9. Ne1 Bd6 10. Nd3 Be6 11. f4 Qd7 12. Na3 a6 13. Nc4 Bxc4 14. bxc4 O-O 15.
Rb1 Rab8 16. fxe5 Nxe5 17. Bf4 Qe7 18. Rb6 Nfd7 19. Rxd6 Qxd6 20. Bh3 Rxf4 21.
gxf4 Nxc4 22. Qg4 Nf8 23. Rf2 Ne3 24. Qh5 b6 25. Ne5 Ng6 26. Nd7 Nxf4 27. Rxf4
Qxf4 28. Nxb8 g6 29. Qe2 Qxb8 30. Qxa6 Qd8 31. Qe2 Qh4 32. Bg2 Qg5 33. h3 Kg7
34. Kh1 Nxg2 35. Qxg2 Qxg2+ 36. Kxg2 Kf6 37. h4 Ke5 38. Kf3 b5 0-1

[Event "I Festival A"]
[Site "Bernate Ticino ITA"]
[Date "1998.07.09"]
[Round "1"]
[White "Fiori, Mauro"]
[Black "Mazzini, Antonio"]
[Result "0-1"]
[WhiteElo "1600"]
[BlackElo "1912"]
[PlyCount "60"]
[EventDate "1998.07.09"]

1. d4 Nf6 2. c4 c5 3. d5 d6 4. Nc3 g6 5. e4 Bg7 6. f3 O-O 7. Nge2 e6 8. Be3
exd5 9. cxd5 Nbd7 10. Qd2 Ne5 11. Nc1 a6 12. a4 Nh5 13. Be2 f5 14. O-O f4 15.
Bf2 b6 16. N1a2 Bd7 17. b4 Qc7 18. Rab1 Rfc8 19. bxc5 bxc5 20. Rfc1 Rcb8 21.
Rxb8+ Rxb8 22. Bxa6 Qa5 23. Qe2 Bxa4 24. Be1 Bb3 25. Bb5 c4 26. Bc6 Nd3 27. Rb1
Qa7+ 28. Kh1 Bxa2 29. Rxb8+ Qxb8 30. Nb5 Bb3 0-1

[Event "I Festival A"]
[Site "Bernate Ticino ITA"]
[Date "1998.07.09"]
[Round "1"]
[White "Genovese, Maurizio"]
[Black "Morselli, Stefano"]
[Result "1-0"]
[WhiteElo "2285"]
[BlackElo "1732"]
[PlyCount "61"]
[EventDate "1998.07.09"]

1. d4 Nf6 2. c4 d6 3. Nc3 Bf5 4. f3 Nc6 5. e4 Bg6 6. Be3 Nd7 7. Bd3 e5 8. d5
Nb4 9. Bb1 Na6 10. Nge2 Be7 11. a3 Bg5 12. Bf2 O-O 13. h4 Bh6 14. h5 Qg5 15.
hxg6 fxg6 16. Ng3 Nac5 17. b4 Na6 18. O-O Rf7 19. Ba2 Raf8 20. c5 Rf4 21. c6
Nf6 22. cxb7 Nh5 23. Nce2 Rxf3 24. gxf3 Rxf3 25. Kg2 Qg4 26. Bc4 Nb8 27. Rb1
Bf4 28. Rb3 Bxg3 29. Rxf3 Nf4+ 30. Nxf4 Bxf4+ 31. Bg3 1-0

[Event "I Festival A"]
[Site "Bernate Ticino ITA"]
[Date "1998.07.09"]
[Round "1"]
[White "Giuberchio, Cesare"]
[Black "Pagnoncelli, Marco"]
[Result "0-1"]
[WhiteElo "1723"]
[BlackElo "2120"]
[PlyCount "62"]
[EventDate "1998.07.09"]

1. e4 c5 2. Nf3 d6 3. d4 cxd4 4. Nxd4 Nf6 5. Nc3 g6 6. f4 Bg7 7. e5 dxe5 8.
fxe5 Nh5 9. Bb5+ Bd7 10. g4 Bxe5 11. gxh5 Qb6 12. Bxd7+ Nxd7 13. Nce2 O-O-O 14.
c3 gxh5 15. Qb3 Qf6 16. Be3 Bxd4 17. cxd4 Qh4+ 18. Bf2 Qe4 19. Rg1 e5 20. Qe3
Qd5 21. dxe5 Nxe5 22. Rc1+ Nc6 23. Qd4 Qa5+ 24. Qc3 Qxa2 25. b4 Rhe8 26. Qc2
Qd5 27. Qc4 Qd2+ 28. Kf1 Rxe2 29. Qxe2 Qxc1+ 30. Qe1 Rd1 31. Rg8+ Kd7 0-1

[Event "I Festival A"]
[Site "Bernate Ticino ITA"]
[Date "1998.07.09"]
[Round "1"]
[White "Lapiccirella, Daniele"]
[Black "Lapiccirella, Mattia"]
[Result "1/2-1/2"]
[WhiteElo "1639"]
[BlackElo "2030"]
[PlyCount "76"]
[EventDate "1998.07.09"]

1. d4 Nf6 2. c4 g6 3. Nc3 Bg7 4. e4 d6 5. f3 O-O 6. Be3 b6 7. Bd3 a6 8. Nge2 c5
9. O-O Nc6 10. Qd2 e6 11. Rab1 Qc7 12. d5 exd5 13. cxd5 Ne5 14. Nc1 Nxd3 15.
Nxd3 Re8 16. Rfc1 Nh5 17. b4 f5 18. Nf2 Bd7 19. bxc5 dxc5 20. Bh6 Bd4 21. Be3
Bg7 22. Bh6 Bd4 23. Be3 Be5 24. Ne2 fxe4 25. Nxe4 Bf5 26. Rc4 Nf6 27. Nxf6+
Bxf6 28. Rbc1 Rab8 29. Bd4 Bxd4+ 30. Nxd4 Qg7 31. Nxf5 gxf5 32. Re1 Re7 33.
Rxe7 Qxe7 34. Rc1 Re8 35. Rb1 Qh4 36. g3 Qd4+ 37. Qxd4 cxd4 38. Kg2 Re5 1/2-1/2

[Event "I Festival A"]
[Site "Bernate Ticino ITA"]
[Date "1998.07.09"]
[Round "1"]
[White "Loncar, Robert"]
[Black "Ruzza, Claudio"]
[Result "1-0"]
[WhiteElo "2410"]
[BlackElo "1818"]
[PlyCount "55"]
[EventDate "1998.07.09"]

1. e4 e6 2. d3 g6 3. f4 Bg7 4. Nf3 c5 5. c3 Nc6 6. Be3 d6 7. g3 Nge7 8. Bg2 O-O
9. O-O Rb8 10. Nbd2 b5 11. a3 a5 12. Kh1 Bd7 13. d4 cxd4 14. cxd4 d5 15. e5 Nf5
16. Bf2 h5 17. Nb3 a4 18. Nc5 Na5 19. h3 Nc4 20. Qe2 b4 21. g4 hxg4 22. hxg4
Nh6 23. Bh4 Qe8 24. Bh3 bxa3 25. bxa3 Rb2 26. Qe1 Bc6 27. Bg5 Qc8 28. Qh4 1-0

[Event "I Festival A"]
[Site "Bernate Ticino ITA"]
[Date "1998.07.09"]
[Round "1"]
[White "Lovati, Paolo"]
[Black "Strazzeri, Marco"]
[Result "1/2-1/2"]
[WhiteElo "2050"]
[BlackElo "1654"]
[PlyCount "79"]
[EventDate "1998.07.09"]

1. c4 Nf6 2. g3 g6 3. Bg2 Bg7 4. Nc3 O-O 5. d3 c6 6. e3 d5 7. cxd5 cxd5 8. Nge2
Nc6 9. O-O e6 10. Na4 Bd7 11. Bd2 Rc8 12. Nc5 b6 13. Nxd7 Nxd7 14. Rb1 Rc7 15.
b4 b5 16. a4 a6 17. Qb3 Nb6 18. axb5 axb5 19. Nc3 Bxc3 20. Bxc3 Na4 21. Bd2 Qe7
22. Rfc1 Rfc8 23. Bf1 d4 24. e4 Ne5 25. Kg2 Rxc1 26. Rxc1 Rxc1 27. Bxc1 Nc3 28.
Qa3 Na4 29. Bd2 Qc7 30. Qb3 Nd7 31. f4 Ndb6 32. Be2 Nc3 33. Bf3 Qa7 34. Bxc3
dxc3 35. Qxc3 Qa2+ 36. Kh3 Qf2 37. Bg2 Qe2 38. Bh1 h5 39. Qc7 Qg4+ 40. Kg2
1/2-1/2

[Event "I Festival A"]
[Site "Bernate Ticino ITA"]
[Date "1998.07.09"]
[Round "1"]
[White "Marigo, Narciso"]
[Black "Griffa, Roberto"]
[Result "0-1"]
[WhiteElo "1687"]
[BlackElo "2070"]
[PlyCount "120"]
[EventDate "1998.07.09"]

1. d4 d6 2. Nf3 Bg4 3. e3 Nf6 4. Be2 Nbd7 5. Nbd2 c6 6. c3 e5 7. h3 Bf5 8. Qb3
Qc7 9. Ng5 d5 10. e4 Nxe4 11. Ndxe4 Bxe4 12. Nxe4 dxe4 13. Bc4 Nb6 14. Be2 exd4
15. cxd4 Bd6 16. Bd2 O-O 17. O-O Rae8 18. Rac1 Qe7 19. Rfe1 Qe6 20. Qc2 Kh8 21.
a3 f5 22. Bh5 g6 23. Be2 Nd5 24. Bc4 Qf6 25. Bxd5 cxd5 26. Qb3 Qf7 27. Bb4 Bxb4
28. Qxb4 Rc8 29. Qd6 Rfd8 30. Qe5+ Kg8 31. Qf4 Rc4 32. Rxc4 dxc4 33. Rd1 Qd5
34. Qe3 b5 35. Qf4 Qd6 36. Qg5 a5 37. h4 h5 38. g3 Kg7 39. Kg2 Rd7 40. Qc1 Qd5
41. Kg1 Rb7 42. Qg5 b4 43. axb4 axb4 44. Ra1 c3 45. Ra6 Qf7 46. bxc3 bxc3 47.
Rc6 Rc7 48. d5 Rxc6 49. dxc6 Qc7 50. Qe3 Qxc6 51. Qd4+ Kf7 52. Qa7+ Kf6 53.
Qd4+ Ke6 54. Qg7 Kd5 55. Qf7+ Kc5 56. Qe7+ Kc4 57. Qa3 Qb5 58. Qd6 c2 59. Qd2
Qb1+ 60. Kg2 c1=Q 0-1

[Event "I Festival A"]
[Site "Bernate Ticino ITA"]
[Date "1998.07.09"]
[Round "1"]
[White "Pedemonte, Claudio"]
[Black "Bemporad, Filippo"]
[Result "0-1"]
[WhiteElo "1659"]
[BlackElo "2050"]
[PlyCount "84"]
[EventDate "1998.07.09"]

1. c4 e5 2. g3 Nc6 3. Bg2 g6 4. d3 Bg7 5. e4 d6 6. h3 Nge7 7. Ne2 O-O 8. O-O f5
9. f4 Be6 10. Nbc3 Qd7 11. Kh2 Kh8 12. Nd5 Rae8 13. Be3 Nd4 14. Rc1 Nec6 15.
Nec3 Nd8 16. Qd2 Bg8 17. Rf2 N8e6 18. Rcf1 c6 19. Nb4 exf4 20. Bxf4 Nxf4 21.
Rxf4 Bh6 22. Qe3 Ne6 23. Ne2 a5 24. Nc2 Nxf4 25. Nxf4 Bg7 26. h4 fxe4 27. dxe4
Bxc4 28. Rd1 Be6 29. Qa3 Rd8 30. Qxa5 Bg4 31. Rd3 Be5 32. Qd2 Qe7 33. Nh3 Qxh4
34. Nd4 Rf7 35. Qa5 c5 36. Nb5 Rdf8 37. Nxd6 Rf2 38. Nf7+ R2xf7 39. Qxc5 Qf6
40. Rd2 Bxh3 41. Bxh3 Bxg3+ 42. Kxg3 Qf4+ 0-1

[Event "I Festival A"]
[Site "Bernate Ticino ITA"]
[Date "1998.07.09"]
[Round "1"]
[White "Rovatti, Paolo"]
[Black "Carbone, Lorenzo"]
[Result "1-0"]
[WhiteElo "2055"]
[BlackElo "1665"]
[PlyCount "83"]
[EventDate "1998.07.09"]

1. d4 d5 2. e3 e6 3. Bd3 Nf6 4. f4 Be7 5. Nd2 b6 6. Nh3 h6 7. O-O Bb7 8. Qf3
Nbd7 9. Nf2 c5 10. c3 a5 11. Ng4 O-O 12. Ne5 c4 13. Bc2 b5 14. g4 Nh7 15. Qh3
Ndf6 16. Qg2 b4 17. g5 hxg5 18. fxg5 Ne4 19. g6 fxg6 20. Rxf8+ Bxf8 21. Nxe4
dxe4 22. Bxe4 Bxe4 23. Qxe4 Bd6 24. Qxg6 Qg5+ 25. Qxg5 Nxg5 26. Nxc4 Bc7 27.
Bd2 Rc8 28. Rf1 Bxh2+ 29. Kxh2 Rxc4 30. b3 Rc7 31. c4 g6 32. Be1 Rh7+ 33. Kg2
Rh3 34. Rf6 Kg7 35. Rxe6 Rh5 36. Re5 Nf7 37. Rxh5 gxh5 38. Bg3 Kf6 39. Bc7 Kf5
40. Bxa5 Ke4 41. Bxb4 h4 42. Be7 1-0

[Event "I Festival A"]
[Site "Bernate Ticino ITA"]
[Date "1998.07.09"]
[Round "1"]
[White "Sala, Gianni"]
[Black "Barlocco, Carlo"]
[Result "0-1"]
[WhiteElo "1729"]
[BlackElo "2215"]
[PlyCount "86"]
[EventDate "1998.07.09"]

1. e4 c5 2. Nf3 Nc6 3. d4 cxd4 4. Nxd4 Nf6 5. Nc3 d6 6. Be2 e5 7. Nb3 Be7 8.
Bg5 Nxe4 9. Nxe4 Bxg5 10. Nxd6+ Ke7 11. Ne4 Bh6 12. O-O Bf5 13. Bf3 Qxd1 14.
Rfxd1 Rhd8 15. c3 Rac8 16. g3 b6 17. h4 Bd7 18. Nd6 Rb8 19. g4 Bf4 20. Kg2 a5
21. Ne4 f6 22. a4 g6 23. g5 f5 24. Nf6 Be6 25. Nd5+ Kf7 26. Nxf4 Bxb3 27. Bd5+
Bxd5+ 28. Nxd5 Rd6 29. Ne3 Rbd8 30. Rxd6 Rxd6 31. Rd1 Rxd1 32. Nxd1 Ke6 33. Kf3
e4+ 34. Kf4 Ne5 35. Kg3 Nd3 36. f3 f4+ 37. Kg2 e3 38. Kf1 Kd5 39. b3 Nc1 40.
Nb2 Nxb3 41. Ke2 Nc5 42. Kd1 Kc6 43. Kc2 b5 0-1

[Event "I Festival A"]
[Site "Bernate Ticino ITA"]
[Date "1998.07.10"]
[Round "2"]
[White "Barlocco, Carlo"]
[Black "Drabke, Lorenz Maximilian"]
[Result "1-0"]
[WhiteElo "2215"]
[BlackElo "1906"]
[PlyCount "79"]
[EventDate "1998.07.09"]

1. d4 Nf6 2. Nf3 d6 3. e3 Nbd7 4. b3 g6 5. Bb2 Bg7 6. Nbd2 c5 7. c4 O-O 8. Qc2
b6 9. Be2 Bb7 10. O-O e6 11. Rad1 Qc7 12. Rfe1 Rac8 13. Bf1 a6 14. e4 e5 15.
dxe5 dxe5 16. Nb1 Rfe8 17. Nc3 Bc6 18. Nd5 Qb8 19. g3 Nf8 20. Bh3 Rcd8 21. Qc3
N6d7 22. Bxd7 Bxd7 23. Rd2 Rc8 24. Kg2 f6 25. h3 Bc6 26. b4 Ne6 27. Ba3 cxb4
28. Qxb4 Bxd5 29. cxd5 Bf8 30. d6 Red8 31. Qb3 Kf7 32. d7 Rc6 33. Bxf8 Rxf8 34.
Red1 Rd8 35. Nh2 Ke7 36. Ng4 Nc5 37. Qe3 Rxd7 38. Rxd7+ Nxd7 39. Qh6 Nf8 40.
Qg7+ 1-0

[Event "I Festival A"]
[Site "Bernate Ticino ITA"]
[Date "1998.07.10"]
[Round "2"]
[White "Bemporad, Filippo"]
[Black "Loncar, Robert"]
[Result "0-1"]
[WhiteElo "2050"]
[BlackElo "2410"]
[PlyCount "71"]
[EventDate "1998.07.09"]

1. d4 Nf6 2. Nf3 c5 3. e3 g6 4. Bd3 Bg7 5. O-O O-O 6. b3 b6 7. Bb2 Bb7 8. c4
cxd4 9. Nxd4 d5 10. Nc3 Nbd7 11. cxd5 Nxd5 12. Nxd5 Bxd5 13. Rc1 Nc5 14. Bc4
Bb7 15. Qe2 e6 16. Rfd1 Qg5 17. f4 Qe7 18. Ba3 e5 19. Nb5 Rad8 20. Nc3 exf4 21.
exf4 Qh4 22. g3 Qh3 23. Nd5 Rfe8 24. Qc2 Ne6 25. Bb2 b5 26. Bxb5 Nd4 27. Bxd4
Re1+ 28. Rxe1 Bxd4+ 29. Ne3 Qe6 30. Kf2 Rc8 31. Bc4 Qh3 32. Kg1 Rc7 33. Qd2 Rd7
34. Qc2 Re7 35. Bf1 Rxe3 36. Qf2 0-1

[Event "I Festival A"]
[Site "Bernate Ticino ITA"]
[Date "1998.07.10"]
[Round "2"]
[White "Carbone, Lorenzo"]
[Black "Sala, Gianni"]
[Result "0-1"]
[WhiteElo "1665"]
[BlackElo "1729"]
[PlyCount "66"]
[EventDate "1998.07.09"]

1. e4 e5 2. Nf3 Nc6 3. Bb5 a6 4. Ba4 Nf6 5. O-O b5 6. Bb3 Be7 7. Re1 O-O 8. c3
d5 9. exd5 Nxd5 10. d4 exd4 11. Nxd4 Nxd4 12. Qxd4 Be6 13. Nd2 c5 14. Qe4 c4
15. Bc2 g6 16. Qf3 Qd7 17. h3 Nf6 18. Ne4 Nxe4 19. Bxe4 Rac8 20. Bh6 Rfe8 21.
Rad1 Qc7 22. Rd4 a5 23. Bd5 Bf8 24. Bxf8 Rxf8 25. Bxe6 fxe6 26. Qe3 Rce8 27.
Red1 Re7 28. Rd6 Rfe8 29. Rb6 Rd7 30. Re1 Rd3 31. Qxe6+ Rxe6 32. Rbxe6 Rd2 33.
Re7 Qf4 0-1

[Event "I Festival A"]
[Site "Bernate Ticino ITA"]
[Date "1998.07.10"]
[Round "2"]
[White "Di Lascio, Savino"]
[Black "Marigo, Narciso"]
[Result "1-0"]
[WhiteElo "1753"]
[BlackElo "1687"]
[PlyCount "61"]
[EventDate "1998.07.09"]

1. Nf3 d6 2. g3 e5 3. Bg2 f5 4. d3 Be7 5. O-O Nf6 6. Nbd2 O-O 7. c3 Nbd7 8. b4
h6 9. Nh4 Nb6 10. Ng6 Rf7 11. e4 Kh7 12. exf5 Bxf5 13. Nxe7 Rxe7 14. Bxb7 Bxd3
15. Re1 Rb8 16. Nb3 Bf5 17. Na5 Bd7 18. Bc6 Kh8 19. b5 Qf8 20. c4 Rf7 21. Ba3
Re8 22. f3 Bxc6 23. bxc6 Nh7 24. Re3 Ng5 25. Kg2 Rf5 26. Qe2 e4 27. fxe4 Rxa5
28. Bb2 Qf7 29. Rf1 Qxc4 30. Qh5 Qxc6 31. Qxh6+ 1-0

[Event "I Festival A"]
[Site "Bernate Ticino ITA"]
[Date "1998.07.10"]
[Round "2"]
[White "Griffa, Roberto"]
[Black "Ponti, Lorenzo"]
[Result "1-0"]
[WhiteElo "2070"]
[BlackElo "1864"]
[PlyCount "54"]
[EventDate "1998.07.09"]

1. d4 f5 2. Bf4 Nf6 3. e3 d6 4. h3 Nc6 5. Nf3 e6 6. c3 g6 7. Nbd2 Bg7 8. Bc4
Qe7 9. Bh2 Bd7 10. O-O O-O 11. b4 Nd8 12. Bb3 Nf7 13. Rc1 d5 14. Bxc7 Bb5 15.
c4 dxc4 16. Bxc4 Qxb4 17. Rb1 Qe7 18. Rxb5 Qxc7 19. Bxe6 Rfe8 20. Qb3 b6 21.
Ne5 Rxe6 22. Qxe6 Re8 23. Qxf7+ Qxf7 24. Nxf7 Kxf7 25. Rc1 Re7 26. Nf3 Ne8 27.
g3 h6 1-0

[Event "I Festival A"]
[Site "Bernate Ticino ITA"]
[Date "1998.07.10"]
[Round "2"]
[White "Lapiccirella, Mattia"]
[Black "Lovati, Paolo"]
[Result "1/2-1/2"]
[WhiteElo "2030"]
[BlackElo "2050"]
[PlyCount "58"]
[EventDate "1998.07.09"]

1. d4 d6 2. Nf3 Bg4 3. e4 Nf6 4. Bd3 e5 5. c3 Nbd7 6. O-O Be7 7. Re1 O-O 8.
Nbd2 c6 9. h3 Bh5 10. Nf1 Ne8 11. Ng3 Bxf3 12. Qxf3 Bg5 13. Be3 Bxe3 14. Qxe3
g6 15. f4 exf4 16. Qxf4 Qf6 17. Qe3 Ng7 18. Rf1 Qe7 19. Rae1 Rae8 20. Qd2 Qd8
21. Qh6 Re6 22. Bc4 Rf6 23. Rxf6 Nxf6 24. e5 dxe5 25. dxe5 Nd7 26. Ne4 Nf5 27.
Qf4 Qe7 28. Ng5 Nb6 29. Bb3 Nd5 1/2-1/2

[Event "I Festival A"]
[Site "Bernate Ticino ITA"]
[Date "1998.07.10"]
[Round "2"]
[White "Mazzini, Antonio"]
[Black "Genovese, Maurizio"]
[Result "0-1"]
[WhiteElo "1912"]
[BlackElo "2285"]
[PlyCount "98"]
[EventDate "1998.07.09"]

1. d4 Nf6 2. Nf3 d5 3. g3 e6 4. Bg2 Be7 5. O-O O-O 6. c4 c6 7. b3 Nbd7 8. Nc3
b6 9. Bb2 Ba6 10. Nd2 Rc8 11. e4 c5 12. dxc5 d4 13. Ne2 bxc5 14. Nc1 Ne5 15. h3
Bb7 16. f4 Nc6 17. e5 Nd7 18. Nd3 f5 19. Nf3 a5 20. Nfe1 Qb6 21. Rf2 Ra8 22. g4
g6 23. g5 a4 24. Ba3 axb3 25. Qxb3 Qa6 26. Rb1 Rfb8 27. Rfb2 Nb4 28. Bxb7 Qxb7
29. Bxb4 cxb4 30. c5 Nxc5 31. Nxc5 Bxc5 32. Nd3 Bf8 33. a3 bxa3 34. Qxb7 axb2
35. Qxa8 Rxa8 36. Rxb2 Ra3 37. Rd2 Kf7 38. Kf2 Ke8 39. Ke2 Kd7 40. Rb2 Kc6 41.
Rb8 Be7 42. Rh8 Ra2+ 43. Kf3 Rd2 44. Nf2 Bc5 45. Rxh7 d3 46. Nxd3 Rxd3+ 47. Ke2
Re3+ 48. Kd2 Rf3 49. Rh6 Kd5 0-1

[Event "I Festival A"]
[Site "Bernate Ticino ITA"]
[Date "1998.07.10"]
[Round "2"]
[White "Morselli, Stefano"]
[Black "Fiori, Mauro"]
[Result "1-0"]
[WhiteElo "1732"]
[BlackElo "1600"]
[PlyCount "51"]
[EventDate "1998.07.09"]

1. Nf3 c6 2. c4 e6 3. d4 d5 4. e3 Nf6 5. Bd3 dxc4 6. Bxc4 b5 7. Be2 Nbd7 8. O-O
Be7 9. b3 O-O 10. Bb2 a6 11. Nc3 Bb7 12. Nd2 c5 13. Bf3 Bxf3 14. Nxf3 Rc8 15.
d5 exd5 16. Nxd5 Nxd5 17. Qxd5 Nf6 18. Qb7 c4 19. Be5 Qd7 20. Qxa6 Ra8 21. Qb6
Rfc8 22. Rfd1 Rxa2 23. Rxd7 Nxd7 24. Qb7 Nb6 25. Rxa2 cxb3 26. Qxc8+ 1-0

[Event "I Festival A"]
[Site "Bernate Ticino ITA"]
[Date "1998.07.10"]
[Round "2"]
[White "Piazza, Carlo"]
[Black "Lapiccirella, Daniele"]
[Result "1/2-1/2"]
[WhiteElo "1711"]
[BlackElo "1639"]
[PlyCount "94"]
[EventDate "1998.07.09"]

1. e4 c5 2. Nf3 Nc6 3. d4 cxd4 4. Nxd4 e6 5. Nb5 d6 6. Bf4 e5 7. Be3 a6 8. N5c3
Nf6 9. Bg5 Be7 10. Bxf6 Bxf6 11. Nd5 Be7 12. Nbc3 O-O 13. Bd3 Be6 14. O-O Nd4
15. a4 Bxd5 16. Nxd5 Ne6 17. g3 Nc7 18. Nb6 Rb8 19. a5 g6 20. Bc4 Na8 21. Nd5
Nc7 22. b3 Nxd5 23. Qxd5 Qc7 24. Ra4 Qc5 25. Rd1 Qxd5 26. Bxd5 Rfc8 27. c4 Kf8
28. Rd3 Bd8 29. b4 Ke7 30. Rf3 f6 31. h4 Bc7 32. Kg2 h6 33. g4 Rf8 34. Raa3 Bd8
35. Rfb3 Bc7 36. Ra2 b6 37. axb6 Rxb6 38. Rab2 Rc8 39. c5 dxc5 40. bxc5 Rxb3
41. Rxb3 Bd8 42. c6 Bc7 43. Rb7 Kd6 44. Ra7 a5 45. Kg3 g5 46. hxg5 hxg5 47. Rb7
Rb8 1/2-1/2

[Event "I Festival A"]
[Site "Bernate Ticino ITA"]
[Date "1998.07.10"]
[Round "2"]
[White "Ruzza, Claudio"]
[Black "Pedemonte, Claudio"]
[Result "1-0"]
[WhiteElo "1818"]
[BlackElo "1659"]
[PlyCount "79"]
[EventDate "1998.07.09"]

1. d4 d5 2. Nf3 Nf6 3. e3 e6 4. Bd3 c5 5. c3 Bd6 6. Nbd2 O-O 7. O-O Nc6 8. dxc5
Bxc5 9. e4 Qc7 10. Qe2 Bd6 11. Re1 e5 12. exd5 Nxd5 13. Bxh7+ Kh8 14. Bc2 f5
15. Nc4 e4 16. Nxd6 Qxd6 17. Ng5 Nf6 18. Nh3 Be6 19. Bf4 Qc5 20. Red1 Rad8 21.
Be3 Qe5 22. Nf4 Bf7 23. h4 Ng4 24. Bb3 Qf6 25. Bxf7 Qxf7 26. b3 Qf6 27. g3 Kh7
28. c4 Rfe8 29. Rab1 a5 30. Rd5 Nxe3 31. Qxe3 Ne5 32. Kg2 Ng4 33. Qd2 Qc6 34.
Rxd8 Rxd8 35. Qxd8 e3+ 36. Qd5 Qf6 37. Qe6 Qc3 38. Qxf5+ Kh8 39. Qxg4 Qc2 40.
Qh5+ 1-0

[Event "I Festival A"]
[Site "Bernate Ticino ITA"]
[Date "1998.07.10"]
[Round "2"]
[White "Sartorio, Diego"]
[Black "Giuberchio, Cesare"]
[Result "0-1"]
[WhiteElo "1570"]
[BlackElo "1723"]
[PlyCount "40"]
[EventDate "1998.07.09"]

1. e4 e5 2. f4 exf4 3. Bc4 Be7 4. d4 Bh4+ 5. Kf1 Nf6 6. Bxf4 Nxe4 7. g3 O-O 8.
gxh4 d5 9. Bd3 Qxh4 10. Qf3 Bg4 11. Qe3 Nc6 12. h3 Rae8 13. Nd2 f5 14. Rh2 g5
15. hxg4 gxf4 16. Rxh4 fxe3 17. Bxe4 fxe4+ 18. Ke2 exd2 19. Kxd2 Nxd4 20. Kc3
c5 0-1